|
|
|
|
| LEADER |
02436nam a22004213i 4500 |
| 001 |
EBC6422521 |
| 003 |
MiAaPQ |
| 005 |
20231204023215.0 |
| 006 |
m o d | |
| 007 |
cr cnu|||||||| |
| 008 |
231204s2017 xx o ||||0 eng d |
| 020 |
|
|
|a 9783319595191
|q (electronic bk.)
|
| 020 |
|
|
|z 9783319595184
|
| 035 |
|
|
|a (MiAaPQ)EBC6422521
|
| 035 |
|
|
|a (Au-PeEL)EBL6422521
|
| 035 |
|
|
|a (OCoLC)1167071727
|
| 040 |
|
|
|a MiAaPQ
|b eng
|e rda
|e pn
|c MiAaPQ
|d MiAaPQ
|
| 050 |
|
4 |
|a HN
|
| 082 |
0 |
|
|a 393
|
| 100 |
1 |
|
|a Davies, Owen.
|
| 245 |
1 |
0 |
|a Executing Magic in the Modern Era :
|b Criminal Bodies and the Gallows in Popular Medicine.
|
| 250 |
|
|
|a 1st ed.
|
| 264 |
|
1 |
|a Cham :
|b Springer International Publishing AG,
|c 2017.
|
| 264 |
|
4 |
|c Ã2017.
|
| 300 |
|
|
|a 1 online resource (122 pages)
|
| 336 |
|
|
|a text
|b txt
|2 rdacontent
|
| 337 |
|
|
|a computer
|b c
|2 rdamedia
|
| 338 |
|
|
|a online resource
|b cr
|2 rdacarrier
|
| 490 |
1 |
|
|a Palgrave Historical Studies in the Criminal Corpse and Its Afterlife Series
|
| 505 |
0 |
|
|a Intro -- Contents -- Introduction -- Abstract -- Public Execution and Post-mortem Punishment -- The Executioner -- Criminal Bodies -- Abstract -- The Witch -- The Witch's Blood as a Cure -- Corpses, Evidence and Feelings -- The Corpse Gives Life -- Abstract -- The Criminal Corpse in Pieces -- The Fresh Body -- The Places and Tools of Execution -- Abstract -- Providential Gallows -- The Gallows Mandrake -- The Last of the Executioners' Perquisites -- Money for Old Rope -- Memento or Talisman? An American Perspective -- Lingering Influences -- Abstract -- Hangman's Day -- Ghosts of Executed Criminals -- Suicide Ghosts -- Sanctifying the Executed Spirit -- Spiritualists Reach Out -- Index.
|
| 588 |
|
|
|a Description based on publisher supplied metadata and other sources.
|
| 590 |
|
|
|a Electronic reproduction. Ann Arbor, Michigan : ProQuest Ebook Central, 2023. Available via World Wide Web. Access may be limited to ProQuest Ebook Central affiliated libraries.
|
| 655 |
|
4 |
|a Electronic books.
|
| 700 |
1 |
|
|a Matteoni, Francesca.
|
| 776 |
0 |
8 |
|i Print version:
|a Davies, Owen
|t Executing Magic in the Modern Era
|d Cham : Springer International Publishing AG,c2017
|z 9783319595184
|
| 797 |
2 |
|
|a ProQuest (Firm)
|
| 830 |
|
0 |
|a Palgrave Historical Studies in the Criminal Corpse and Its Afterlife Series
|
| 856 |
4 |
0 |
|u https://ebookcentral.proquest.com/lib/matrademy/detail.action?docID=6422521
|z Click to View
|